| 000 | 01217cam a2200313 a 4500 | ||
|---|---|---|---|
| 999 |
_c1547 _d1547 |
||
| 001 | 17457199 | ||
| 003 | OSt | ||
| 005 | 20230112095144.0 | ||
| 008 | 120910r20132012mnua b 000 1 eng | ||
| 010 | _a 2012030094 | ||
| 020 | _a9781467711173 (trade hard cover : alk. paper) | ||
| 040 |
_aDLC _cDLC _dDLC _dKH8 |
||
| 042 |
_alcac _apcc |
||
| 082 | 0 | 0 |
_a823.9 MCK _223 |
| 100 | 1 |
_aMcKee, David. _eauthor |
|
| 245 | 1 | 0 |
_aElmer and the birthday quake / _cDavid McKee. |
| 250 | _aAmerican ed. | ||
| 260 |
_aMinneapolis : _bAnderson Press USA : _bDistributed in the U.S. by Lener Pub. Group, _c2013. |
||
| 300 |
_a1 v. (unpaged) : _bcol. ill. ; _c28 cm. |
||
| 520 | _aElmer the patchwork elephant and his cousin Wilbur investigate a distant noise and see their friend Super El rescue Old, a pink elephant whose 100th birthday celebration caused an earthquake. | ||
| 521 | 1 | _aAges 4-9. | |
| 650 | 1 |
_aElephants _vFiction. |
|
| 650 | 1 |
_aSuperheroes _vFiction. |
|
| 650 | 1 |
_aEarthquakes _vFiction. |
|
| 650 | 1 |
_aBirthdays _vFiction. |
|
| 906 |
_a7 _bcbc _corignew _d1 _eecip _f20 _gy-gencatlg |
||
| 942 |
_2ddc _cNFIC |
||